000 00431cam a2200145 4500500
005 20251012032550.0
041 _afre
042 _adc
100 1 0 _aScève, Maurice
_eauthor
245 0 0 _aComme Hecaté tu me feras errer
260 _c2005.
500 _a36
786 0 _nSigila | 16 | 2 | 2005-12-20 | p. 202-202 | 1286-1715
856 4 1 _uhttps://shs.cairn.info/revue-sigila-2005-2-page-202?lang=fr&redirect-ssocas=7080
999 _c1547662
_d1547662